<?xml version="1.0" encoding="UTF-8"?>
<record
    xmlns:xsi="http://www.w3.org/2001/XMLSchema-instance"
    xsi:schemaLocation="http://www.loc.gov/MARC21/slim http://www.loc.gov/standards/marcxml/schema/MARC21slim.xsd"
    xmlns="http://www.loc.gov/MARC21/slim">

  <leader>01313    a2200241   4500</leader>
  <datafield tag="999" ind1=" " ind2=" ">
    <subfield code="c">12994</subfield>
    <subfield code="d">12994</subfield>
  </datafield>
  <controlfield tag="005">20181124151833.0</controlfield>
  <datafield tag="010" ind1=" " ind2=" ">
    <subfield code="a">B-300457-461, B-206169</subfield>
  </datafield>
  <datafield tag="020" ind1=" " ind2=" ">
    <subfield code="a">8186098658</subfield>
    <subfield code="c">100.00</subfield>
  </datafield>
  <datafield tag="035" ind1=" " ind2=" ">
    <subfield code="a">B-300457-461</subfield>
  </datafield>
  <datafield tag="035" ind1=" " ind2=" ">
    <subfield code="a">B-206169</subfield>
  </datafield>
  <datafield tag="037" ind1=" " ind2=" ">
    <subfield code="b">&#x92A;&#x93E;&#x92A;&#x941;&#x932;&#x930; &#x92C;&#x941;&#x915; &#x921;&#x93F;&#x92A;&#x94B;</subfield>
  </datafield>
  <datafield tag="082" ind1=" " ind2=" ">
    <subfield code="a">641.38</subfield>
  </datafield>
  <datafield tag="100" ind1=" " ind2=" ">
    <subfield code="a">&#x930;&#x938;&#x94D;&#x924;&#x94B;&#x917;&#x940;, &#x92F;&#x941;&#x917;&#x92A;&#x94D;&#x930;&#x92D;&#x93E;</subfield>
  </datafield>
  <datafield tag="245" ind1=" " ind2=" ">
    <subfield code="a">&#x91C;&#x940;&#x935;&#x928; &#x915;&#x93E; &#x905;&#x92E;&#x943;&#x924; &#x936;&#x939;&#x926;  /</subfield>
    <subfield code="c">&#x92F;&#x941;&#x917;&#x92A;&#x94D;&#x930;&#x92D;&#x93E; &#x930;&#x938;&#x94D;&#x924;&#x94B;&#x917;&#x940;</subfield>
  </datafield>
  <datafield tag="260" ind1=" " ind2=" ">
    <subfield code="a">&#x91C;&#x92F;&#x92A;&#x941;&#x930;</subfield>
    <subfield code="b">&#x92A;&#x93E;&#x92A;&#x941;&#x932;&#x930; &#x92C;&#x941;&#x915; &#x921;&#x93F;&#x92A;&#x94B; (&#x935;&#x93F;&#x924;&#x930;&#x915;)</subfield>
    <subfield code="c">2007</subfield>
  </datafield>
  <datafield tag="260" ind1=" " ind2=" ">
    <subfield code="a">&#x91C;&#x92F;&#x92A;&#x941;&#x930;</subfield>
    <subfield code="b">&#x928;&#x93E;&#x930;&#x93E;&#x92F;&#x923; &#x92A;&#x94D;&#x930;&#x915;&#x93E;&#x936;&#x928;</subfield>
    <subfield code="c">2007</subfield>
  </datafield>
  <datafield tag="270" ind1=" " ind2=" ">
    <subfield code="a">&#x91C;&#x940;-15, &#x90F;&#x938;.&#x90F;&#x938;.&#x91F;&#x949;&#x935;&#x930; , &#x927;&#x93E;&#x92E;&#x93E;&#x923;&#x940; &#x917;&#x932;&#x940;, &#x91A;&#x94C;&#x921;&#x93C;&#x93E; &#x930;&#x93E;&#x938;&#x94D;&#x924;&#x93E;</subfield>
    <subfield code="b">&#x91C;&#x92F;&#x92A;&#x941;&#x930;</subfield>
    <subfield code="e">302003</subfield>
  </datafield>
  <datafield tag="270" ind1=" " ind2=" ">
    <subfield code="a">&#x91C;&#x940;-15, &#x90F;&#x938;.&#x90F;&#x938;.&#x91F;&#x949;&#x935;&#x930; , &#x927;&#x93E;&#x92E;&#x93E;&#x923;&#x940; &#x917;&#x932;&#x940;, &#x91A;&#x94C;&#x921;&#x93C;&#x93E; &#x930;&#x93E;&#x938;&#x94D;&#x924;&#x93E;</subfield>
    <subfield code="b">&#x91C;&#x92F;&#x92A;&#x941;&#x930;</subfield>
    <subfield code="e">302003</subfield>
  </datafield>
  <datafield tag="300" ind1=" " ind2=" ">
    <subfield code="a">51&#x92A;&#x943;</subfield>
    <subfield code="c">22 &#x938;&#x947;&#x92E;&#x940; (&#x938;&#x91C;&#x93F;&#x932;&#x94D;&#x926;)</subfield>
  </datafield>
  <datafield tag="942" ind1=" " ind2=" ">
    <subfield code="a">dpl</subfield>
    <subfield code="c">HN</subfield>
    <subfield code="k"> / &#x930;&#x938;&#x94D;&#x924;&#x94B;&#x917;&#x940;</subfield>
    <subfield code="2">ddc</subfield>
    <subfield code="h">641.38</subfield>
    <subfield code="m">&#x930;&#x938;&#x94D;&#x924;&#x94B;&#x917;&#x940;</subfield>
  </datafield>
  <datafield tag="952" ind1=" " ind2=" ">
    <subfield code="0">0</subfield>
    <subfield code="1">0</subfield>
    <subfield code="2">ddc</subfield>
    <subfield code="4">0</subfield>
    <subfield code="7">0</subfield>
    <subfield code="8">NFIC</subfield>
    <subfield code="a">L</subfield>
    <subfield code="b">L</subfield>
    <subfield code="d">2009-05-16</subfield>
    <subfield code="e">&#x92A;&#x93E;&#x92A;&#x941;&#x932;&#x930; &#x92C;&#x941;&#x915; &#x921;&#x93F;&#x92A;&#x94B;/1273/24.9.08/334/4.9.08/3.10.09</subfield>
    <subfield code="g">100.00</subfield>
    <subfield code="l">0</subfield>
    <subfield code="o">641.38 &#x930;&#x938;&#x94D;&#x924;&#x94B;&#x917;&#x940;</subfield>
    <subfield code="p">B-300457</subfield>
    <subfield code="r">2009-05-16 00:00:00</subfield>
    <subfield code="t">1</subfield>
    <subfield code="v">100.00</subfield>
    <subfield code="w">2009-05-16</subfield>
    <subfield code="y">HN</subfield>
  </datafield>
  <datafield tag="952" ind1=" " ind2=" ">
    <subfield code="0">0</subfield>
    <subfield code="1">0</subfield>
    <subfield code="2">ddc</subfield>
    <subfield code="4">0</subfield>
    <subfield code="7">0</subfield>
    <subfield code="8">NFIC</subfield>
    <subfield code="a">BL1</subfield>
    <subfield code="b">BL1</subfield>
    <subfield code="d">2009-05-16</subfield>
    <subfield code="e">&#x92A;&#x93E;&#x92A;&#x941;&#x932;&#x930; &#x92C;&#x941;&#x915; &#x921;&#x93F;&#x92A;&#x94B;/1273/24.9.08/334/4.9.08/3.10.09</subfield>
    <subfield code="g">100.00</subfield>
    <subfield code="l">0</subfield>
    <subfield code="o">641.38 &#x930;&#x938;&#x94D;&#x924;&#x94B;&#x917;&#x940;</subfield>
    <subfield code="p">B-300458</subfield>
    <subfield code="r">2009-05-16 00:00:00</subfield>
    <subfield code="t">1</subfield>
    <subfield code="v">100.00</subfield>
    <subfield code="w">2009-05-16</subfield>
    <subfield code="y">HN</subfield>
  </datafield>
  <datafield tag="952" ind1=" " ind2=" ">
    <subfield code="0">0</subfield>
    <subfield code="1">0</subfield>
    <subfield code="2">ddc</subfield>
    <subfield code="4">0</subfield>
    <subfield code="7">0</subfield>
    <subfield code="8">NFIC</subfield>
    <subfield code="a">BL3</subfield>
    <subfield code="b">BL3</subfield>
    <subfield code="d">2009-05-16</subfield>
    <subfield code="e">&#x92A;&#x93E;&#x92A;&#x941;&#x932;&#x930; &#x92C;&#x941;&#x915; &#x921;&#x93F;&#x92A;&#x94B;/1273/24.9.08/334/4.9.08/3.10.09</subfield>
    <subfield code="g">100.00</subfield>
    <subfield code="l">0</subfield>
    <subfield code="o">641.38 &#x930;&#x938;&#x94D;&#x924;&#x94B;&#x917;&#x940;</subfield>
    <subfield code="p">B-300459</subfield>
    <subfield code="r">2009-05-16 00:00:00</subfield>
    <subfield code="t">1</subfield>
    <subfield code="v">100.00</subfield>
    <subfield code="w">2009-05-16</subfield>
    <subfield code="y">HN</subfield>
  </datafield>
  <datafield tag="952" ind1=" " ind2=" ">
    <subfield code="0">0</subfield>
    <subfield code="1">0</subfield>
    <subfield code="2">ddc</subfield>
    <subfield code="4">0</subfield>
    <subfield code="7">0</subfield>
    <subfield code="8">NFIC</subfield>
    <subfield code="a">BL4</subfield>
    <subfield code="b">BL4</subfield>
    <subfield code="d">2009-05-16</subfield>
    <subfield code="e">&#x92A;&#x93E;&#x92A;&#x941;&#x932;&#x930; &#x92C;&#x941;&#x915; &#x921;&#x93F;&#x92A;&#x94B;/1273/24.9.08/334/4.9.08/3.10.09</subfield>
    <subfield code="g">100.00</subfield>
    <subfield code="l">0</subfield>
    <subfield code="o">641.38 &#x930;&#x938;&#x94D;&#x924;&#x94B;&#x917;&#x940;</subfield>
    <subfield code="p">B-300460</subfield>
    <subfield code="r">2009-05-16 00:00:00</subfield>
    <subfield code="t">1</subfield>
    <subfield code="v">100.00</subfield>
    <subfield code="w">2009-05-16</subfield>
    <subfield code="y">HN</subfield>
  </datafield>
  <datafield tag="952" ind1=" " ind2=" ">
    <subfield code="0">0</subfield>
    <subfield code="1">0</subfield>
    <subfield code="2">ddc</subfield>
    <subfield code="4">0</subfield>
    <subfield code="7">0</subfield>
    <subfield code="8">NFIC</subfield>
    <subfield code="a">YV</subfield>
    <subfield code="b">YV</subfield>
    <subfield code="d">2009-05-16</subfield>
    <subfield code="e">&#x92A;&#x93E;&#x92A;&#x941;&#x932;&#x930; &#x92C;&#x941;&#x915; &#x921;&#x93F;&#x92A;&#x94B;/1273/24.9.08/334/4.9.08/3.10.09</subfield>
    <subfield code="g">100.00</subfield>
    <subfield code="l">0</subfield>
    <subfield code="o">641.38 &#x930;&#x938;&#x94D;&#x924;&#x94B;&#x917;&#x940;</subfield>
    <subfield code="p">B-300461</subfield>
    <subfield code="r">2009-05-16 00:00:00</subfield>
    <subfield code="t">1</subfield>
    <subfield code="v">100.00</subfield>
    <subfield code="w">2009-05-16</subfield>
    <subfield code="y">HN</subfield>
  </datafield>
  <datafield tag="952" ind1=" " ind2=" ">
    <subfield code="0">0</subfield>
    <subfield code="1">0</subfield>
    <subfield code="2">ddc</subfield>
    <subfield code="4">0</subfield>
    <subfield code="7">0</subfield>
    <subfield code="8">NFIC</subfield>
    <subfield code="a">RC</subfield>
    <subfield code="b">RC</subfield>
    <subfield code="d">2018-10-31</subfield>
    <subfield code="g">80.00</subfield>
    <subfield code="l">0</subfield>
    <subfield code="o">641.38 &#x930;&#x938;&#x94D;&#x924;&#x94B;&#x917;&#x940;</subfield>
    <subfield code="p">B-206165</subfield>
    <subfield code="r">2018-10-31 00:00:00</subfield>
    <subfield code="v">80.00</subfield>
    <subfield code="w">2018-10-31</subfield>
    <subfield code="y">HN</subfield>
  </datafield>
  <datafield tag="952" ind1=" " ind2=" ">
    <subfield code="0">0</subfield>
    <subfield code="1">0</subfield>
    <subfield code="4">0</subfield>
    <subfield code="7">0</subfield>
    <subfield code="8">NFIC</subfield>
    <subfield code="a">RC</subfield>
    <subfield code="b">RC</subfield>
    <subfield code="d">2018-11-24</subfield>
    <subfield code="g">100.00</subfield>
    <subfield code="l">0</subfield>
    <subfield code="o">615.88 &#x930;&#x938;&#x94D;&#x924;&#x94B;&#x917;&#x940;</subfield>
    <subfield code="p">B-206169</subfield>
    <subfield code="r">2018-11-24 00:00:00</subfield>
    <subfield code="t">1.</subfield>
    <subfield code="v">100.00</subfield>
    <subfield code="w">2018-11-24</subfield>
    <subfield code="y">HN</subfield>
  </datafield>
</record>
